[Event "World Youth U16 Olympiad"]
[Site "Gyor HUN"]
[Date "2014.12.15"]
[Round "4.11"]
[Board "1"]
[White "Petrov, Martin"]
[Black "Havasi, Gergo"]
[Result "1-0"]
[WhiteElo "2183"]
[BlackElo "2353"]
[WhiteTeam "Bulgaria"]
[BlackTeam "Hungary 2"]
[WhiteFideId "2911086"]
[BlackFideId "760293"]
[EventDate "2014.12.13"]
[EventType "team"]

1. e4 c5 2. Nf3 d6 3. d4 cxd4 4. Nxd4 Nf6 5. Nc3 a6 6. Be3 e5 7. Nb3 Be7 8. f3
Be6 9. Qd2 O-O 10. O-O-O a5 11. a4 Nc6 12. g4 Nb4 13. Kb1 Rc8 14. h4 d5 15. g5
Ne8 16. exd5 Bf5 17. Na1 Nd6 18. h5 Qd7 19. h6 g6 20. Rh2 f6 21. Bb6 Ra8 22.
gxf6 Bxf6 23. Bc5 e4 24. fxe4 Nxe4 25. Nxe4 Bxe4 26. Bb5 Qc7 27. Bxb4 axb4 28.
Rh3 Qd6 29. Rb3 Be7 30. Qd4 Rf6 31. Qxe4 Bf8 32. Rf3 Rxf3 33. Qxf3 Bxh6 34. Qh3
Qf4 35. Rh1 Kg7 36. Rf1 Qd4 37. Qd7+ Kh8 38. Nb3 Qe5 39. Qe6 Qh5 40. d6 Rf8 41.
Rxf8+ Bxf8 42. Qf6+ 1-0

[Event "World Youth U16 Olympiad"]
[Site "Gyor HUN"]
[Date "2014.12.15"]
[Round "4.11"]
[Board "2"]
[White "Kozak, Adam"]
[Black "Stefanov, Emil"]
[Result "1-0"]
[WhiteTitle "FM"]
[WhiteElo "2307"]
[BlackElo "2134"]
[WhiteTeam "Hungary 2"]
[BlackTeam "Bulgaria"]
[WhiteFideId "753246"]
[BlackFideId "2914794"]
[EventDate "2014.12.13"]
[EventType "team"]

1. d4 Nf6 2. c4 e6 3. Nc3 Bb4 4. e3 c5 5. Ne2 cxd4 6. exd4 O-O 7. a3 Be7 8. Nf4
d5 9. cxd5 Nxd5 10. Ncxd5 exd5 11. Bd3 Nc6 12. O-O Bf6 13. Be3 g6 14. Rc1 Be6
15. Nxe6 fxe6 16. Qg4 Qe7 17. Rfe1 Qf7 18. Bb5 Rac8 19. b4 h5 20. Qd1 Ne7 21.
Rxc8 Rxc8 22. Qa4 Nf5 23. Qxa7 Rf8 24. Rf1 h4 25. h3 Nxe3 26. fxe3 Qc7 27. Qc5
Qg3 28. Rf3 Be7 29. Rxg3 Bxc5 30. Rxg6+ Kf7 31. Rh6 Be7 32. Rh7+ Kf6 33. Rxh4
Ra8 34. Rh6+ Kf7 35. Rh7+ Kf6 36. g4 Bd6 37. Rd7 Bf8 38. a4 Bxb4 39. Rxb7 Bf8
40. h4 Bg7 41. g5+ Kg6 42. Bd3+ Kh5 43. Rxg7 Kxh4 44. Kf2 1-0

[Event "World Youth U16 Olympiad"]
[Site "Gyor HUN"]
[Date "2014.12.15"]
[Round "4.11"]
[Board "3"]
[White "Petrov, Vladimir Sergeev"]
[Black "Juhasz, Armin"]
[Result "1/2-1/2"]
[BlackTitle "FM"]
[WhiteElo "2055"]
[BlackElo "2268"]
[WhiteTeam "Bulgaria"]
[BlackTeam "Hungary 2"]
[WhiteFideId "2902940"]
[BlackFideId "724270"]
[EventDate "2014.12.13"]
[EventType "team"]

1. e4 g6 2. d4 Bg7 3. Nc3 c6 4. h4 d5 5. e5 h5 6. Bd3 Nh6 7. Nce2 Qb6 8. c3 e6
9. Nf3 O-O 10. Ng5 c5 11. Rh3 cxd4 12. cxd4 Bd7 13. Rg3 Bb5 14. Bxb5 Qxb5 15.
Nxe6 fxe6 16. Bxh6 Bxh6 17. Rxg6+ Bg7 18. Qd2 Nc6 19. Rc1 Rf7 20. Rxe6 Raf8 21.
f3 Nb4 22. Rc3 Nxa2 23. Rc5 Qd7 24. Rd6 Qe7 25. Qg5 Nb4 26. Qxe7 Rxe7 27. Rb5 a5
28. Rxa5 Nd3+ 29. Kf1 Nxb2 30. Raxd5 Nc4 31. Ng3 Ne3+ 32. Kf2 Nxd5 33. Rxd5 Rb8
34. Rb5 Rc8 35. Nf5 Rec7 36. Ke3 Bf8 37. g4 Ra8 1/2-1/2

[Event "World Youth U16 Olympiad"]
[Site "Gyor HUN"]
[Date "2014.12.15"]
[Round "4.11"]
[Board "4"]
[White "Werner, Anna"]
[Black "Vasova, Maria"]
[Result "0-1"]
[WhiteElo "1999"]
[BlackElo "2031"]
[WhiteTeam "Hungary 2"]
[BlackTeam "Bulgaria"]
[WhiteFideId "752274"]
[BlackFideId "2900955"]
[EventDate "2014.12.13"]
[EventType "team"]

1. d4 d5 2. c4 c6 3. Nf3 Nf6 4. e3 g6 5. Nc3 Bg7 6. Bd3 O-O 7. O-O Nbd7 8. e4
dxe4 9. Nxe4 Nxe4 10. Bxe4 Nf6 11. Bc2 Bg4 12. Be3 Ne8 13. Re1 Nd6 14. Bd3 Nf5
15. Qc2 Nxe3 16. fxe3 Bxf3 17. gxf3 e5 18. dxe5 Bxe5 19. Rab1 Qe7 20. b3 Rad8
21. Rbd1 Qc5 22. Kh1 Bg7 23. Bf1 Bh6 24. e4 Bg7 25. Rxd8 Rxd8 26. Rd1 Rd4 27.
Rxd4 Bxd4 28. Qd3 Qd6 29. Bh3 c5 30. Qd2 Kg7 31. Bg2 Qf6 32. Qe2 Qf4 33. Bf1 h5
34. Qg2 Qe3 35. h3 a5 36. Be2 Qc1+ 37. Bf1 Qe3 38. Be2 b6 39. Bf1 Qc1 40. Qe2
Qe3 41. Qxe3 Bxe3 42. Kg2 Kf6 43. Bd3 Ke5 44. Kf1 Kd4 45. Ke2 Bf4 46. Bc2 f6 47.
a4 Bg3 48. Kd2 Bf4+ 49. Ke2 Kc3 50. Bd1 g5 51. Ke1 h4 52. Ke2 Bd2 53. Kf2 Kd3
54. Kf1 Be3 55. Ke1 Bf4 56. Be2+ Ke3 57. Kd1 Kf2 58. Bd3 Kxf3 59. Ke1 Kg3 60.
Bf1 g4 61. hxg4 h3 62. Bxh3 Kxh3 63. Kf2 Kxg4 64. Ke2 Be5 65. Ke3 Bd4+ 0-1

[Event "World Youth U16 Olympiad"]
[Site "Gyor HUN"]
[Date "2014.12.15"]
[Round "4.12"]
[Board "1"]
[White "Repka, Christopher"]
[Black "Szostko, Jakub"]
[Result "1-0"]
[WhiteElo "2407"]
[BlackElo "2168"]
[WhiteTeam "Slovakia 1"]
[BlackTeam "Poland 2"]
[WhiteFideId "14918781"]
[BlackFideId "1174282"]
[EventDate "2014.12.13"]
[EventType "team"]

1. Nf3 Nf6 2. e3 g6 3. b3 Bg7 4. Bb2 O-O 5. Be2 b6 6. O-O Bb7 7. c4 c5 8. d4 d6
9. Nc3 e6 10. dxc5 dxc5 11. Nb5 Nc6 12. Nd6 Qe7 13. Nxb7 Qxb7 14. Qc2 Rad8 15.
Rad1 Nb4 16. Qb1 Qe4 17. Qa1 Nh5 18. Bxg7 Nxg7 19. Rxd8 Rxd8 20. Qf6 Rf8 21. Ne5
Qf5 22. Qxf5 Nxf5 23. a3 Nc2 24. Bd3 Nxa3 25. g4 Nh4 26. Ra1 Rd8 27. g5 h6 28.
Rxa3 hxg5 29. Rxa7 Nf3+ 30. Nxf3 Rxd3 31. Nxg5 Rxb3 32. Nxf7 b5 33. cxb5 Rxb5
34. Ne5 g5 35. Kg2 1-0

[Event "World Youth U16 Olympiad"]
[Site "Gyor HUN"]
[Date "2014.12.15"]
[Round "4.12"]
[Board "2"]
[White "Snihur, Piotr"]
[Black "Nayhebaver, Martin"]
[Result "1/2-1/2"]
[WhiteElo "2161"]
[BlackElo "2332"]
[WhiteTeam "Poland 2"]
[BlackTeam "Slovakia 1"]
[WhiteFideId "1157191"]
[BlackFideId "14923432"]
[EventDate "2014.12.13"]
[EventType "team"]

1. d4 Nf6 2. c4 e6 3. Nf3 b6 4. g3 Ba6 5. b3 Bb4+ 6. Bd2 Be7 7. Bg2 Bb7 8. O-O
O-O 9. Bc3 d5 10. Nbd2 Na6 11. Ne5 c5 12. cxd5 exd5 13. Qc2 Rc8 14. Qb2 Nc7 15.
Bh3 Ne6 16. Ndf3 Bd6 17. Nd3 Ne4 18. Rfd1 Qe7 19. Be1 c4 20. bxc4 dxc4 21. Nde5
Bd5 22. Qc2 f5 23. Rab1 g6 24. Bg2 Qb7 25. Bb4 Bxb4 26. Rxb4 a5 27. Rb5 Nc7 28.
Rbb1 b5 29. Nd7 Rfe8 30. Nfe5 Kg7 31. f3 Nd6 32. Nc5 Qa8 33. e4 Bg8 34. a3 Qa7
35. Ned7 Ne6 36. Qc3 Kh6 37. e5 Nxc5 38. Nxc5 Rxe5 39. Qd2+ Kg7 40. dxe5 Qxc5+
41. Kh1 c3 42. Qxd6 1/2-1/2

[Event "World Youth U16 Olympiad"]
[Site "Gyor HUN"]
[Date "2014.12.15"]
[Round "4.12"]
[Board "3"]
[White "Pechac, Jergus"]
[Black "Kosakowski, Jakub"]
[Result "0-1"]
[WhiteTitle "CM"]
[WhiteElo "2182"]
[BlackElo "2106"]
[WhiteTeam "Slovakia 1"]
[BlackTeam "Poland 2"]
[WhiteFideId "14926970"]
[BlackFideId "1185080"]
[EventDate "2014.12.13"]
[EventType "team"]

1. e4 c5 2. Nf3 d6 3. d4 cxd4 4. Nxd4 Nf6 5. Nc3 a6 6. Be3 e5 7. Nf3 Be7 8. Bc4
O-O 9. O-O h6 10. Bb3 Be6 11. Qe2 Nbd7 12. Rfd1 Rc8 13. Nh4 Nc5 14. Bxc5 Rxc5
15. Rd3 Bxb3 16. cxb3 g6 17. g3 b5 18. a3 a5 19. b4 axb4 20. axb4 Rc4 21. Ra7
Rxb4 22. Nf3 Re8 23. Rb7 Qa5 24. Qd2 Qa6 25. Rxe7 Qa1+ 26. Kg2 Rxe7 27. Rxd6
Rxb2 28. Qxh6 Rxf2+ 29. Kh3 Qxc3 0-1

[Event "World Youth U16 Olympiad"]
[Site "Gyor HUN"]
[Date "2014.12.15"]
[Round "4.12"]
[Board "4"]
[White "Kowalski, Igor"]
[Black "Sucikova, Svetlana"]
[Result "1-0"]
[WhiteElo "2087"]
[BlackElo "1985"]
[WhiteTeam "Poland 2"]
[BlackTeam "Slovakia 1"]
[WhiteFideId "1172468"]
[BlackFideId "14923653"]
[EventDate "2014.12.13"]
[EventType "team"]

1. e4 c6 2. d4 d5 3. Nc3 dxe4 4. Nxe4 Bf5 5. Ng3 Bg6 6. Nh3 Nf6 7. Bc4 Nbd7 8.
c3 e6 9. Nf4 Nd5 10. Bxd5 exd5 11. h4 h6 12. Nxg6 fxg6 13. Qg4 Qf6 14. Bf4 Bd6
15. Bxd6 Qxd6 16. h5 O-O 17. O-O g5 18. Nf5 Qf6 19. Nxh6+ gxh6 20. Qxd7 Rf7 21.
Qg4 Re8 22. f3 Qe7 23. Rae1 Qxe1 24. Rxe1 Rxe1+ 25. Kf2 Re8 26. Qh3 Kh8 27. b3
a6 28. c4 dxc4 29. bxc4 Ref8 30. Qe6 Rf6 31. Qe5 Rf7 32. d5 cxd5 33. cxd5 Kg8
34. Ke3 Kg7 35. Kd4 b6 36. a4 Rd7 37. g3 Kf7 1-0

[Event "World Youth U16 Olympiad"]
[Site "Gyor HUN"]
[Date "2014.12.15"]
[Round "4.13"]
[Board "1"]
[White "Buzas, Bertalan"]
[Black "Nikitenko, Mihail"]
[Result "0-1"]
[WhiteElo "2109"]
[BlackElo "2379"]
[WhiteTeam "Transdanubium West"]
[BlackTeam "Belarus"]
[WhiteFideId "751820"]
[BlackFideId "13506862"]
[EventDate "2014.12.13"]
[EventType "team"]

1. d4 Nf6 2. Nf3 g6 3. Bg5 Bg7 4. Nbd2 O-O 5. c3 d5 6. e3 Ne4 7. Nxe4 dxe4 8.
Nd2 f5 9. Qb3+ Kh8 10. h4 Qe8 11. h5 e5 12. Bc4 exd4 13. cxd4 Nc6 14. O-O-O Na5
15. Qc3 Nxc4 16. Nxc4 Kg8 17. h6 Bh8 18. Qb3 Be6 19. d5 Bf7 20. Rd2 Qd7 21. Kb1
c6 22. dxc6 Qxd2 23. Nxd2 Bxb3 24. Nxb3 bxc6 25. Rc1 Bf6 26. Bf4 Rac8 27. Na5 g5
28. Bd6 Rfd8 29. Nc4 Kf7 30. b3 c5 31. Rg1 Rc6 32. Bh2 Bh8 33. f3 Rxh6 34. Bg3
exf3 35. gxf3 Re6 36. Bc7 Rd7 37. Bb8 Bf6 38. Kc2 h5 39. e4 fxe4 40. fxe4 g4 41.
e5 Bg7 42. Bd6 Kg6 43. Kd3 Bxe5 0-1

[Event "World Youth U16 Olympiad"]
[Site "Gyor HUN"]
[Date "2014.12.15"]
[Round "4.13"]
[Board "2"]
[White "Kazakovskiy, Valeriy"]
[Black "Acs, Marton"]
[Result "1-0"]
[WhiteElo "2378"]
[BlackElo "1969"]
[WhiteTeam "Belarus"]
[BlackTeam "Transdanubium West"]
[WhiteFideId "13507443"]
[BlackFideId "765139"]
[EventDate "2014.12.13"]
[EventType "team"]

1. d4 Nf6 2. c4 e6 3. Nf3 d5 4. Nc3 Nbd7 5. g3 Be7 6. Bg2 c6 7. O-O O-O 8. Nd2
b6 9. e4 Bb7 10. e5 Ne8 11. cxd5 cxd5 12. f4 g6 13. Nf3 Ng7 14. g4 h5 15. h3 Ba6
16. Rf2 b5 17. Bf1 Qb6 18. Qd3 b4 19. Qxa6 Qxa6 20. Bxa6 bxc3 21. bxc3 Nb6 22.
a4 Rab8 23. Rb2 Nc4 24. Bxc4 Rxb2 25. Bxb2 dxc4 26. Nd2 Rc8 27. a5 hxg4 28. hxg4
g5 29. fxg5 Bxg5 30. Ne4 Be3+ 31. Kf1 Rb8 32. Ba3 Ne8 33. a6 Nc7 34. Bd6 Rc8 35.
Bxc7 Rxc7 36. g5 Kg7 37. Ke2 1-0

[Event "World Youth U16 Olympiad"]
[Site "Gyor HUN"]
[Date "2014.12.15"]
[Round "4.13"]
[Board "3"]
[White "Arvai, Eszter"]
[Black "Zarubitski, Viachaslau"]
[Result "0-1"]
[BlackTitle "FM"]
[WhiteElo "1978"]
[BlackElo "2219"]
[WhiteTeam "Transdanubium West"]
[BlackTeam "Belarus"]
[WhiteFideId "732583"]
[BlackFideId "13509373"]
[EventDate "2014.12.13"]
[EventType "team"]

1. d4 Nf6 2. Nf3 e6 3. g3 b5 4. Bg2 Bb7 5. O-O Be7 6. Nbd2 O-O 7. b3 c5 8. c4 a6
9. Qc2 cxd4 10. Nxd4 Bxg2 11. Kxg2 Qb6 12. Bb2 Nc6 13. e3 Rac8 14. Rac1 bxc4 15.
bxc4 Nb4 16. Qb3 Qa5 17. a3 Nc6 18. Bc3 Qc5 19. Qa4 Nxd4 20. exd4 Qf5 21. Qc2
Qh5 22. Qd1 Qh6 23. Bb4 d6 24. Qf3 Rb8 25. Rc2 Rfc8 26. Rfc1 Qg6 27. Rc3 a5 28.
Bxa5 Qg5 29. Nb3 Rxb3 30. Rxb3 Qxc1 31. Qb7 Re8 32. Bc3 Qc2 33. d5 exd5 34. Bxf6
Bxf6 35. Qc6 Qe4+ 36. Kg1 Qe1+ 37. Kg2 dxc4 38. Rb1 Qe6 39. a4 d5 0-1

[Event "World Youth U16 Olympiad"]
[Site "Gyor HUN"]
[Date "2014.12.15"]
[Round "4.13"]
[Board "4"]
[White "Badelka, Olga"]
[Black "Szabo, Benjamin"]
[Result "1/2-1/2"]
[WhiteElo "1996"]
[BlackElo "1947"]
[WhiteTeam "Belarus"]
[BlackTeam "Transdanubium West"]
[WhiteFideId "13509926"]
[BlackFideId "761095"]
[EventDate "2014.12.13"]
[EventType "team"]

1. d4 Nf6 2. c4 e6 3. Nc3 Bb4 4. e3 Bxc3+ 5. bxc3 c5 6. Bd3 d6 7. Nf3 Qc7 8. O-O
e5 9. e4 h6 10. h3 Nc6 11. dxc5 dxc5 12. Ne1 Be6 13. Qe2 O-O-O 14. a4 g5 15. g4
Rdg8 16. f3 h5 17. Rf2 Ne8 18. Nc2 Nd6 19. Ne3 f6 20. Ra2 Ne7 21. Nf5 Rh7 22.
Rh2 Rgh8 23. Qd1 Nexf5 24. exf5 Bxc4 25. Bxc4 Nxc4 26. Qd5 Nb6 27. Qe6+ Qd7 28.
gxh5 Qxe6 29. fxe6 Rxh5 30. Be3 Re8 31. Bxc5 Rxe6 32. a5 Nd5 33. Bxa7 Nf4 34.
Be3 Nd5 35. Ba7 Rh7 36. c4 Nf4 37. Rad2 Rc6 38. Bb6 Ne6 39. Rd5 Rd7 40. Rhd2 Nf8
41. c5 Rxd5 42. Rxd5 Nd7 1/2-1/2

[Event "World Youth U16 Olympiad"]
[Site "Gyor HUN"]
[Date "2014.12.15"]
[Round "4.14"]
[Board "1"]
[White "Plenca, Jadranko"]
[Black "Taalaibekov, Tagir"]
[Result "1-0"]
[WhiteTitle "FM"]
[WhiteElo "2313"]
[BlackElo "2047"]
[WhiteTeam "Croatia"]
[BlackTeam "Kyrgyzstan"]
[WhiteFideId "14527146"]
[BlackFideId "13801163"]
[EventDate "2014.12.13"]
[EventType "team"]

1. e4 c5 2. Nf3 e6 3. c3 Nc6 4. d4 d5 5. exd5 exd5 6. Bb5 Bd6 7. dxc5 Bxc5 8.
O-O Ne7 9. Re1 O-O 10. Be3 Bd6 11. Nbd2 Bg4 12. Be2 Nf5 13. Nf1 Nxe3 14. Nxe3
Be6 15. Nd4 Qb6 16. Nb3 Rad8 17. Bf3 Ne5 18. Rb1 Qa6 19. a3 Nc4 20. Nd4 Bb8 21.
g3 b5 22. Bg2 Qb6 23. Qe2 Kh8 24. Rbd1 a5 25. Nb3 a4 26. Nd4 Ba7 27. Kh1 Qc5 28.
f4 Rfe8 29. Qf2 g6 30. f5 Nxe3 31. fxe6 Nf5 32. exf7 Rf8 33. Qf4 Bb8 34. Qg5 Rd6
35. Ne6 Rxe6 36. Rxe6 Ng7 37. Qf6 Bc7 38. Re8 1-0

[Event "World Youth U16 Olympiad"]
[Site "Gyor HUN"]
[Date "2014.12.15"]
[Round "4.14"]
[Board "2"]
[White "Isaev, Chingys"]
[Black "Tica, Sven"]
[Result "0-1"]
[WhiteElo "1949"]
[BlackElo "2236"]
[WhiteTeam "Kyrgyzstan"]
[BlackTeam "Croatia"]
[WhiteFideId "13801660"]
[BlackFideId "14526948"]
[EventDate "2014.12.13"]
[EventType "team"]

1. d4 Nf6 2. c4 e6 3. Nc3 Bb4 4. Qc2 O-O 5. a3 Bxc3+ 6. Qxc3 b6 7. Nf3 Bb7 8.
Bg5 d6 9. e3 Nbd7 10. Be2 c5 11. O-O cxd4 12. Qxd4 d5 13. Ne5 Nxe5 14. Qxe5 Nd7
15. Qd6 Qxg5 16. Qxd7 Rab8 17. Bf3 Rfd8 18. Qb5 Rbc8 19. cxd5 Bxd5 20. Bxd5 Rxd5
21. Rac1 Rcd8 22. Qa6 Qe7 23. Rc8 g6 24. Rfc1 Kg7 25. Rxd8 Qxd8 26. g3 Rd2 27.
Qxa7 Qf6 28. Rf1 Qxb2 29. a4 Qb4 30. Qc7 Rd5 31. Qc2 h5 32. Rb1 Qg4 33. e4 Rd4
34. h4 Rxe4 35. Rxb6 Rxa4 36. Qc3+ Rd4 37. Rb5 Kh7 38. Kg2 Qe4+ 39. Qf3 Qxf3+
40. Kxf3 Kg7 41. Ke3 Ra4 42. Rb7 Kf6 43. Rb6 Kf5 44. Rb8 Ra6 45. Kf3 e5 46. Rf8
f6 47. Rf7 e4+ 48. Ke3 Rd6 49. Rf8 Ra6 50. Rf7 Kg4 51. Kxe4 f5+ 52. Ke3 Re6+ 53.
Kd4 Kf3 54. Kd5 Ra6 55. Rb7 Kxf2 56. Rb3 Ra4 57. Ke5 Rg4 0-1

[Event "World Youth U16 Olympiad"]
[Site "Gyor HUN"]
[Date "2014.12.15"]
[Round "4.14"]
[Board "4"]
[White "Musaeva, Shakhnazi"]
[Black "Ljikar, Tamara"]
[Result "0-1"]
[WhiteElo "1559"]
[BlackElo "1848"]
[WhiteTeam "Kyrgyzstan"]
[BlackTeam "Croatia"]
[WhiteFideId "13801643"]
[BlackFideId "14530767"]
[EventDate "2014.12.13"]
[EventType "team"]

1. e4 c5 2. b3 e6 3. Nc3 b6 4. Bb2 Bb7 5. Qe2 Nf6 6. f4 Be7 7. O-O-O O-O 8. Nf3
d5 9. e5 Ne8 10. g4 a6 11. h4 b5 12. h5 b4 13. Nb1 c4 14. Nd4 cxb3 15. axb3 Nc6
16. h6 g6 17. f5 Bc5 18. Nxc6 Bxc6 19. d4 Bb6 20. Qe3 Nc7 21. Bd3 a5 22. fxg6
fxg6 23. Nd2 Nb5 24. Nf3 Qe7 25. Nh4 Nc3 26. Rde1 Ne4 27. Bxe4 dxe4 28. Ng2 Rf3
29. Qd2 Raf8 30. Ne3 Bd8 31. d5 exd5 32. Nxd5 Qc5 33. Nf6+ Bxf6 34. exf6 Rxb3
35. f7+ Rxf7 36. Qd8+ Rf8 37. Qc7 Qg5+ 38. Kb1 Rxb2+ 39. Kxb2 Qf6+ 40. Kb1 Rf7
41. Qxa5 b3 42. cxb3 e3 43. Rhg1 Be4+ 44. Ka2 Qd6 45. Rd1 Rf2+ 0-1

[Event "World Youth U16 Olympiad"]
[Site "Gyor HUN"]
[Date "2014.12.15"]
[Round "4.15"]
[Board "1"]
[White "Abdulla, Murad"]
[Black "Doknjas, John"]
[Result "1/2-1/2"]
[BlackTitle "CM"]
[WhiteElo "1958"]
[BlackElo "2080"]
[WhiteTeam "Scotland"]
[BlackTeam "Canada 2"]
[WhiteFideId "2403757"]
[BlackFideId "2608367"]
[EventDate "2014.12.13"]
[EventType "team"]

1. d4 Nf6 2. c4 c5 3. d5 e6 4. Nc3 exd5 5. cxd5 d6 6. e4 g6 7. f4 Bg7 8. Bb5+
Nfd7 9. a4 O-O 10. Nf3 Na6 11. O-O Nb4 12. Re1 a6 13. Bf1 Re8 14. h3 b6 15. Be3
Nf6 16. Bf2 Nh5 17. g3 Bb7 18. Rc1 Qd7 19. Nd2 b5 20. axb5 axb5 21. Bxb5 Qxh3
22. Qf3 Red8 23. f5 Bd4 24. Bxd4 cxd4 25. Ne2 d3 26. Nf4 Qxg3+ 27. Qxg3 Nxg3 28.
Kf2 Ne2 29. Nxe2 dxe2 30. fxg6 hxg6 31. Kxe2 Rac8 32. Rxc8 Rxc8 33. Nc4 Ba6 1/2-1/2

[Event "World Youth U16 Olympiad"]
[Site "Gyor HUN"]
[Date "2014.12.15"]
[Round "4.15"]
[Board "3"]
[White "Gray, Euan"]
[Black "Doknjas, Joshua"]
[Result "0-1"]
[WhiteElo "1625"]
[BlackElo "2005"]
[WhiteTeam "Scotland"]
[BlackTeam "Canada 2"]
[WhiteFideId "2405180"]
[BlackFideId "2614316"]
[EventDate "2014.12.13"]
[EventType "team"]

1. d4 d5 2. c4 c6 3. Nf3 Nf6 4. Nc3 dxc4 5. a4 Bf5 6. e3 e6 7. Bxc4 Bb4 8. O-O
O-O 9. Qe2 Bg4 10. Rd1 Nbd7 11. e4 Qe7 12. Bg5 e5 13. d5 Nb6 14. Bb3 Rad8 15.
Rac1 h6 16. Be3 Bxc3 17. Bxb6 axb6 18. Rxc3 cxd5 19. Bxd5 Nxd5 20. Rxd5 Rxd5 21.
exd5 e4 22. Qe3 Qb4 23. Ne1 Qxb2 24. Rb3 Qa2 25. Qxb6 Bd1 26. Rb2 Qxd5 27. a5
Re8 28. Qb4 e3 29. fxe3 Rxe3 30. Kf2 Re6 31. Qd2 Qc5+ 0-1

[Event "World Youth U16 Olympiad"]
[Site "Gyor HUN"]
[Date "2014.12.15"]
[Round "4.15"]
[Board "4"]
[White "Peng, Jackie"]
[Black "Milton, Anna"]
[Result "1-0"]
[WhiteTitle "WIM"]
[WhiteElo "1982"]
[BlackElo "1547"]
[WhiteTeam "Canada 2"]
[BlackTeam "Scotland"]
[WhiteFideId "2609819"]
[BlackFideId "2404419"]
[EventDate "2014.12.13"]
[EventType "team"]

1. e4 c5 2. Nf3 e6 3. d4 cxd4 4. Nxd4 Nf6 5. Nc3 d6 6. g4 h6 7. h3 Be7 8. Be3 a6
9. Qe2 Qc7 10. O-O-O Nc6 11. f4 b5 12. Bg2 Bb7 13. g5 hxg5 14. fxg5 Nxd4 15.
Bxd4 Nh5 16. g6 Bg5+ 17. Kb1 e5 18. gxf7+ Qxf7 19. Bb6 Qd7 20. Qg4 Qe7 21. h4
Bf6 22. Bf3 Nf4 23. h5 Bc8 24. Qg3 Be6 25. Ne2 Nxe2 26. Bxe2 Bg5 27. Rhg1 Bf6
28. Bg4 Rc8 29. Qh3 Bxg4 30. Qxg4 Rc6 31. Be3 Qc7 32. Rg2 Qd7 33. Qf3 Qf7 34.
Rg6 Be7 35. Qg2 Bf6 36. h6 Rh7 37. Rf1 Qe7 38. Rg1 Kf8 39. Rxf6+ Qxf6 40. Rf1
Qxf1+ 41. Qxf1+ Ke8 42. Qf5 Rh8 43. Qg6+ 1-0

[Event "World Youth U16 Olympiad"]
[Site "Gyor HUN"]
[Date "2014.12.15"]
[Round "4.16"]
[Board "1"]
[White "Gorodetzky, David"]
[Black "Sanal, Vahap"]
[Result "0-1"]
[BlackTitle "IM"]
[WhiteElo "2164"]
[BlackElo "2452"]
[WhiteTeam "Rehovot Chess School"]
[BlackTeam "Turkey"]
[WhiteFideId "2813416"]
[BlackFideId "6300545"]
[EventDate "2014.12.13"]
[EventType "team"]

1. e4 e5 2. Nf3 Nc6 3. Bc4 Nf6 4. d3 Bc5 5. c3 O-O 6. O-O d6 7. h3 a6 8. Bb3 Re8
9. Re1 h6 10. Nbd2 Be6 11. Nf1 d5 12. Ng3 Qd7 13. Qe2 Rad8 14. Rd1 Ba7 15. Kh2
Qe7 16. Be3 Bxe3 17. Qxe3 d4 18. Qe2 g6 19. Rac1 Bxb3 20. axb3 Nh7 21. Qd2 Ng5
22. Ng1 h5 23. Qe2 Ne6 24. b4 Rd6 25. Qf3 Red8 26. Rd2 Nf4 27. Rcd1 Rf6 28. Nf1
dxc3 29. bxc3 Nd5 30. exd5 Rxf3 31. Nxf3 Rxd5 32. Ng3 Rd8 33. Re1 Qf6 34. Re3
Qf4 35. h4 f6 36. Kg1 b6 37. Ne2 Qh6 38. d4 Qf8 39. dxe5 Rxd2 40. Nxd2 Nxe5 41.
Re4 c5 42. f4 Ng4 43. Nf3 Qd6 44. Kf1 Qd3 45. Re6 cxb4 46. cxb4 Qb1+ 47. Ne1
Qxb4 0-1

[Event "World Youth U16 Olympiad"]
[Site "Gyor HUN"]
[Date "2014.12.15"]
[Round "4.16"]
[Board "2"]
[White "Ali Marandi, Cemil Can"]
[Black "Zlatin, Alexander"]
[Result "1-0"]
[WhiteTitle "IM"]
[WhiteElo "2423"]
[BlackElo "2032"]
[WhiteTeam "Turkey"]
[BlackTeam "Rehovot Chess School"]
[WhiteFideId "6300529"]
[BlackFideId "2810549"]
[EventDate "2014.12.13"]
[EventType "team"]

1. e4 e5 2. Nf3 Nc6 3. Bb5 a6 4. Ba4 Nf6 5. O-O b5 6. Bb3 Bc5 7. c3 d6 8. d4 Bb6
9. h3 O-O 10. Re1 h6 11. Be3 Bd7 12. Nbd2 Rb8 13. dxe5 dxe5 14. Bxb6 Rxb6 15.
Nf1 Re8 16. Ne3 Na5 17. Bc2 Rd6 18. Qe2 g6 19. a4 Nb7 20. axb5 axb5 21. b4 Nh5
22. c4 Nf4 23. Qf1 c5 24. bxc5 Nxc5 25. cxb5 Qb8 26. Reb1 Rb6 27. g3 Nxh3+ 28.
Kh2 Ng5 29. Nxg5 hxg5 30. Nd5 Kg7 31. Nxb6 Qxb6 32. Kg1 Rb8 33. Qc4 g4 34. Qd5
Re8 35. Bb3 Nxb3 36. Qxb3 Rh8 37. Qe3 Qf6 38. Ra6 Be6 39. Qa3 g5 40. Ra8 Bc8 41.
Qd3 Rd8 42. Qc3 Qe6 43. Rc1 Qf6 44. Rxc8 Rd4 45. Qc5 1-0

[Event "World Youth U16 Olympiad"]
[Site "Gyor HUN"]
[Date "2014.12.15"]
[Round "4.16"]
[Board "3"]
[White "Parkhov, Yair"]
[Black "Sevgi, Volkan"]
[Result "0-1"]
[BlackTitle "FM"]
[WhiteElo "1960"]
[BlackElo "2091"]
[WhiteTeam "Rehovot Chess School"]
[BlackTeam "Turkey"]
[WhiteFideId "2813408"]
[BlackFideId "6325335"]
[EventDate "2014.12.13"]
[EventType "team"]

1. d4 d5 2. c4 e6 3. Nf3 c6 4. e3 f5 5. g3 Nf6 6. Bg2 Bd6 7. b3 O-O 8. O-O Qe7
9. a4 b6 10. Ba3 Bb7 11. Bxd6 Qxd6 12. Nc3 a5 13. Ne2 Na6 14. Nf4 Nb4 15. Rc1
Rac8 16. Ne5 c5 17. cxd5 exd5 18. Re1 Ne4 19. Ned3 g5 20. Nxb4 axb4 21. Nd3 c4
22. Ne5 Nc3 23. Qc2 cxb3 24. Qb2 Ba6 25. Kh1 Bc4 26. Ra1 Ra8 27. Bf1 Rfc8 28.
Rec1 Nxa4 29. Rxa4 Rxa4 30. Nxc4 dxc4 31. Rxc4 Qd5+ 32. e4 Qxe4+ 33. Kg1 Rxc4
34. Qxb3 b5 35. Bxc4+ Kg7 36. Bf1 Ra1 37. Qxb4 Qe2 0-1

[Event "World Youth U16 Olympiad"]
[Site "Gyor HUN"]
[Date "2014.12.15"]
[Round "4.16"]
[Board "4"]
[White "Tuncer, Tuna"]
[Black "Gorodetzky, Matan"]
[Result "1-0"]
[WhiteElo "2210"]
[BlackElo "1751"]
[WhiteTeam "Turkey"]
[BlackTeam "Rehovot Chess School"]
[WhiteFideId "6349269"]
[BlackFideId "2813394"]
[EventDate "2014.12.13"]
[EventType "team"]

1. e4 e6 2. d4 d5 3. Nd2 Nf6 4. e5 Nfd7 5. Bd3 c5 6. c3 Nc6 7. Ne2 cxd4 8. cxd4
f6 9. Nf4 Qe7 10. Nf3 Qf7 11. O-O Be7 12. Re1 Nb6 13. Qc2 f5 14. h4 Bd7 15. a3
Rc8 16. Qd2 Nd8 17. b3 Qf8 18. Bb2 Nf7 19. Qa5 g5 20. Nh5 g4 21. Ng5 h6 22. Nxe6
Bxe6 23. Bb5+ Kd8 24. Nf4 Bd7 25. Bxd7 Kxd7 26. Qxa7 Nxe5 27. Qxb6 1-0